[Event "Campeonato del Mundo sub14"]
[Site "?"]
[Date "2005.07.28"]
[Round "11.1"]
[White "Salgado López, Iván"]
[Black "Boychev, Maryian"]
[Result "1-0"]
[WhiteElo "2340"]
[BlackElo "2240"]
[Annotator "De la Villa, J"]
[PlyCount "77"]
[EventDate "2005.??.??"]
[Source "EDAMI"]
[SourceDate "2006.12.20"]

{Como pasa a menudo, es esencial conocer la situación previa a la partida para
comprenderla y vivirla con toda su intensidad. El jugador Búlgaro Boychev, que
no contaba entre los favoritos, dominaba el torneo desde hacía muchas rondas y
solo necesitaba medio punto para proclamarse campeón del mundo, un título con
el que antes del torneo seguramente ni habría soñado. !Tan cerca, pero tan
lejos!} 1. e4 c5 {Es correcto jugar la Siciliana cuando necesitas solamente
tablas, pero unicamente si estás dispuesto a jugar en consecuencia.} 2. Nc3 $5
{Algunos hacen esta jugada para llegar a la variante cerrada. Otros solo la
hacen para molestar el orden favorito de su rival. Es especialmente
desagrdable para aquellos que juegan la Najdorf. Iván ya la había empleado 2
rondas antes para fastidiar al vigente campeón del mundo S-12. Ahora solo se
trataba de llegar a las posiciones de la Shveneingen con el caballo negro en
c6.} d6 {Por lo visto el jugador búlgaro no tenía previsto colocar el caballo
en c6 en esta partida. Esta jugada no es mala, pero pasa por ser algo
imprecisa contra las variantes con f4.} 3. f4 {La jugada consecuente. Ahora
ambos rivales debían estar casi fuera de la teoría.} Nc6 4. Nf3 ({
Como señaló Iván después de la partida} 4. Bb5 $5 {
hubiera limitado las opciones de las negras.}) 4... e6 5. Bb5 Nge7 {Las negras
quieren retomar con el caballo en c6, lo que les daría una posición muy cómoda.
Es preciso cambiar el rumbo de la partida.} 6. a4 $5 {Una jugada que no tiene
precedentes y sin embargo es muy lógica. Las blancas se disponen a 
"semitrasponer" a una siciliana abierta.} a6 7. Be2 Ng6 {Más o emnos por aquí
las negras ofrecieron tablas. Naturalmente un error. Con esa mentalidad la
Petrov hubiera sido una mejor idea.} 8. d4 $1 cxd4 9. Nxd4 {# Las blancas han
perdido un tiempo con el alfil, pero las negras han gastado dos para llevar el
caballo a una posición que tal vez no sea mejor que la habitual en f6. Lo más
importante es que, en el duelo psicológico,  en la línea de la clásica 24
partida Kasparov - Karpov del match de Sevilla, el jugador que desea las
tablas, se enfrenta a una posición más dificil de clasificar y de comprender.}
Qb6 (9... e5 $5 {
puede ser una forma de justificar la posición del caballo en g6}) 10. Nb3 Nh4
11. Bf1 $1 {Sorprendente, pero bueno. El alfil se redesplegará por g2 y las
blancas recuperarán todos los tiempos rechazando el caballo y la dama negros.}
Be7 12. a5 Qa7 13. g3 Ng6 14. Qe2 $1 {Amenaza Ae3} b5 15. axb6 Qxb6 16. Be3 Qc7
17. Bg2 Rb8 18. h4 {Hemos llegado a una posición bastante típica en la
siciliana, en la cual las pequeñas diferencias con las más habituales parecen
estar a favor de las blancas, que ganan tiempos para su ataque.} Nf8 19. O-O
Nd7 {Por fin también el caballo negro llega a una casilla "normal". Quien
diría en este momento que el alfil de g2 ha movido 4 veces (en vez de 1), el
caballo de d7 6 veces (en vez de 2) y la dama negra 4 veces (en vez de 1).} 20.
h5 O-O $6 {Quizá sea demasiado condenar esta jugada, pero esta claro que el
rey se situa bajo la tormenta.} 21. Rad1 $6 {Iván considera que esta jugada es
un error y ciertamente en vista de la continuación de la partida lo parece.
Las blancas podían seguir con su ataque de peones.} (21. h6 $5 g6 22. Rfd1) (
21. g4 $5) 21... Nb4 22. Nd4 Kh8 $6 {
para mí una jugada realmente incomprensible.} 23. g4 Nc6 24. Nb3 $6 {Intentando
evitar los cambios, pero permitiendo a las negras algún contrajuego en la
columna b.} ({Parece interesante} 24. Qc4 $5 Bb7 25. h6) 24... Na5 25. g5 Nxb3
26. cxb3 Re8 $6 {Esta jugada si es más facil de comprender. cede la casilla f8
al caballo o al alfil para defender el enroque, pero aleja la torre. No esta
claro que pieza será más necesaria, pero lo que es seguro es que hay prisa por
hacer contrajuego.} (26... Rxb3 $5) 27. g6 {Las blancas siguen con decisión,
abandonando poco a poco su flanco de dama. Aquí tenían alternativas jugosas...}
(27. h6 $5 g6 28. Bd4+ Kg8 (28... e5 $2 29. Nd5) (28... f6 $2 29. f5 $1) 29.
Qf2 $40 {con idea de f5}) 27... fxg6 28. hxg6 {#} h6 {
El rey se esconde. En caso de} (28... hxg6 {Iván señala} 29. f5 $1 exf5 (29...
gxf5 30. Qh5+ $18) 30. Nd5 {con ataque demoledor}) 29. Rc1 {Fuera de la sala
de juego, aprovechando que la partida salió un momento en los tableros
gigantes, especulabamos con la interesante} (29. Qh5 $5 Nf6 30. Qh3 Rxb3 31. f5
$40) 29... Qd8 30. Rfd1 $1 {
Atacando a la vez con furia y con calma. Más directa parece} (30. Qh5 {Y ahora:
} Rxb3 (30... Nf6 31. Qh3) 31. e5 Rxb2 32. f5 dxe5 33. Bxh6 Nf6 $1 {
y las negras se defienden}) 30... Rxb3 31. Qh5 $6 {La dama tenía muchas ganas
de llegar a esta casilla, pero tal vez no lo hace en el mejor momento.} ({
es necesario} 31. Rd2 {limitando el contrajuego}) 31... Rxb2 32. e5 dxe5 33.
Ne4 $6 {
Decididamente el blanco está desatado. Como el propio Iván señala es mejor} (
33. fxe5 {aunque después de} Bb7 $3 ({no funciona la lógica} 33... Bg5 $6 34.
Bxg5 Qxg5 35. Qxg5 hxg5 36. Ne4 Nxe5 37. Nd6 $16) 34. Bxb7 (34. Bxh6 Rxg2+ 35.
Kf1 Rxg6 $1 $17) 34... Bg5 $1 {las negras también están mejor. Por ej:} 35.
Bxg5 $2 Qb6+ $1 $19 {Una reacción espectacular, pero por suerte Boychev no
podía consultar con Fritz y además a estas horas estaba lamentando no haber
jugado la Petrov. Imaginaos que quereis hacer tablas y se os produce esta
posición.......}) 33... Rb3 $4 (33... Rxg2+ $1 {es intuitiva y correcta} 34.
Kxg2 Bb7 35. Rc4 Bxe4+ (35... Rf8 $1) 36. Rxe4 Qa8 $17 {
y el ataque blanco se acaba}) 34. Ng5 $1 $18 {#El salto del caballo es natural,
pero no parece tan demoledor, ... hasta que uno lo piensa un rato.} Qa5 ({
Al todopoderoso calculador Fritz le cuesta ver que después de} 34... Bxg5 35.
fxg5 Rxe3 36. gxh6 Qb6 37. hxg7+ Kxg7 38. Qh7+ Kf6 39. Kh1 Kg5 40. Rg1 $18 {
y no hay paz en el tablero para el rey negro}) 35. Rxd7 $1 {
Eliminando previamente el futuro defensor} Bxd7 36. Nf7+ Kg8 37. Nxh6+ Kf8 (
37... gxh6 38. Qxh6 {y mate}) 38. Nf5 Qe1+ {Una broma extraña. Para no
disponer de Fritz es curioso coincidir con él en esta jugada. Por otro lado el
jugador que se queda sin el título de campeón del mundo parece castigar a su
dama. Como Fine vea esta jugada, la vamos a liar.} 39. Rxe1 1-0

[Event "Canadian Open"]
[Site "Edmonton CAN"]
[Date "2005.07.14"]
[Round "6"]
[White "Bologan, Viktor"]
[Black "Shirov, Alexei"]
[Result "0-1"]
[WhiteElo "2700"]
[BlackElo "2705"]
[Annotator "Bologan, V"]
[PlyCount "120"]
[EventDate "2005.??.??"]
[Source "EDAMI"]
[SourceDate "2006.12.20"]

1. e4 c5 2. Nf3 d6 3. d4 cxd4 4. Nxd4 Nf6 5. Nc3 a6 {Otro enfrentamiento del
rubio contra el moreno. A pesar de la amistad de muchos años y de una estrecha
colaboración, sobre el tablero somos guerreros sin cuartel. La variante
Najdorf refleja adecuadamente el espíritu de este sentimiento, aún más porque
cuando se jugó la partida, Shirov estaba medio punto detrás de mí.} 6. Be3 e6
7. Be2 Qc7 8. Qd2 b5 9. f3 Nbd7 10. a3 {Es una de las muchas posiciones
favoritas de Zigurds Lanka, nuestro amigo común.} h5 (10... Bb7 11. O-O-O) 11.
O-O-O {El propio Shirov se enrocó corto y ganó la partida...} (11. O-O Bb7 12.
Rad1 Be7 13. Bg5 {
Creo que aquí se podía sacrificar la pieza por tres peones con comodidad} (13.
Ndxb5 axb5 14. Nxb5 Qc6 15. Nxd6+ Bxd6 16. Qxd6 Qxd6 17. Rxd6 $16) 13... O-O
14. Kh1 Rfe8 15. Bd3 d5 16. exd5 Nxd5 17. Bxe7 Rxe7 18. Qg5 Qe5 19. Qh4 Qf6 20.
Qxf6 N7xf6 21. Nxd5 Nxd5 {Shirov - Van Wely, Amsterdam 1995}) 11... Rb8 12.
Bxb5 $1 {Un sacrificio típico. Por supuesto es preferible sacrificar en b5 un
caballo, como en la variante anteriormente analizada, porque en caso de} (12.
Ndxb5 axb5 13. Nxb5 {las negras responden} Qb7 {y surge una posición poco clara
} (13... Qc6 14. Nxd6+ Bxd6 15. Qxd6 $16) 14. Qc3 d5 15. e5 Nh7 (15... d4 {!?})
16. Ba7 Be7 17. f4 O-O 18. Bxb8 Nxb8 $13) 12... axb5 13. Ndxb5 Qb7 (13... Qc6
14. Nxd6+ Bxd6 15. Qxd6 Qxd6 16. Rxd6 $14) 14. Qxd6 Be7 {
Ahora el cambio en d6 favorece a las blancas} (14... Bxd6 15. Nxd6+ Ke7 16.
Nxb7 Bxb7 $14) 15. Bf4 (15. Ba7 Ra8) 15... e5 16. Bxe5 $2 {Es una dejada.
Creía que había comprobado todas las posibles réplicas, pero no me di cuenta
que despues de la doble captura en b5 quedan en el aire mi dama y el alfil. La
simple retirada del alfil (mi idea original) dejaba la ventaja en manos de las
blancas.} (16. Be3 Kf8 17. Qc7 g6 (17... Qxc7 18. Nxc7 Bb7 19. N7d5 $14) 18.
Qxb7 Bxb7 19. Nd6 Ba6 20. Rd2 Nb6 21. Rhd1 $14) 16... Qxb5 $3 {Un ejemplo más
en la colleción de brillanteces de Alexey. La posición que surge forzadamente,
dama y cuatro peones contra cuatro piezas menores, es la primera vez que se me
presenta en la práctica.} 17. Nxb5 {También era interesante} (17. Qxb8 Qxb8 18.
Bxb8 Nxb8 19. Rd2 Nbd7 20. Rhd1 {
y aunque las negras están mejor, todavía queda mucha partida}) 17... Rxb5 18.
Qc6 Rc5 19. Qa8 (19. Qa4 Rxe5 20. b4 O-O 21. c4 Nb6 22. Qc2 Bd7 $17) 19... Nxe5
20. b4 {Por un lado, el avance de los peones permite generar amenazas, pero
también debilita la posición del rey, lo que puede tener consecuencias
peligrosas por la presencia de tantas piezas negras.} (20. f4 Nc4 21. e5 Nb6
22. Qb8 Nfd7) 20... Rc4 (20... Rc3 21. f4 Ned7 22. Rd3 Rc4 23. Rhd1 O-O 24. Rd4
Rc7 25. e5 Nb6 26. Qa5 Bf5) (20... Rc7 21. Qa5) 21. Qa5 (21. Qa4+ Bd7 22. Qa5
Nc6 23. Qa8+ Nd8 24. e5 Bf5 25. Rxd8+ Bxd8 26. exf6 O-O $17) 21... Nc6 $1 {
Una jugada, que siquiera había tenido en cuenta.} 22. Qb5 Be6 23. Rd5 $1 {
Mis cálculos previos terminaron aquí. Pero una de las ventajas de tener
material de más, es la posibilidad de transformarlo en otro valor, lo que
Alexey hace con brillantez.} Rc3 $1 (23... Nxd5 24. exd5 Rc3 25. dxe6 fxe6 26.
Rd1 O-O 27. Rd3) 24. Kd2 Nxd5 25. exd5 Bf6 26. dxe6 fxe6 {Formalmente, ahora
son las blancas quienes tienen ventaja material, pero yo comprendía
perfectamente que la única posibilidad era buscar alguna contrapartida para
cuando las negras se enrocasen.} 27. Rd1 $5 {Lo más preciso. Está claro que
las negras van a dar jaque en la columna "d", asi que había que ofrecerles el
cambio de torres, que favorece a las blancas.} (27. Rb1 O-O 28. Qxh5 Rxa3 $13)
27... h4 {
Esta jugada sobra, porque en caso del enroque, no pensaba tomar el peón en h5.}
(27... O-O 28. Qa6 Rd8+ 29. Kc1 Nd4 30. Kb1 Rdc8 31. Rxd4 Bxd4 32. Qxe6+ Kh8
33. Qd5 Bf6 34. Qxh5+ {=}) 28. Kc1 (28. Qa6 O-O 29. b5 Rd8+ 30. Kc1 Nd4) 28...
O-O 29. Qa6 Nd4 30. Rxd4 {Es obligatorio.} Bxd4 31. Qxe6+ Rf7 32. a4 $2 {
Es muy difícil explicar esta decisión, porque no tenía nada en contra del
empate. Simplemente creía que Shirov no iba a repetir jugadas.} (32. Qe8+ Rf8
33. Qe6+ Kh8 34. Qe7 $1 {(precisamente esta jugada clave, no la vi)} Kg8 35.
Qxh4 Bf6 36. Qe4 Rxa3 37. Qe6+ {=}) 32... Re3 33. Qc4 (33. Qc8+ Kh7 34. Qg4 Bc3
35. Kb1 Bf6 36. b5 Ra3 37. c4 Rxa4 $17) 33... Bc3 {Aunque en apuros de tiempo
mantenía cierto optimismo sobre el resultado de la partida, es muy difícil, si
no imposible, defender la posición.} 34. Kb1 Bf6 35. a5 Rc3 {Después de la
partida, Shirov indicó que había que sacar el rey del fuego cruzado enseguida.}
(35... g6 {es mejor} 36. a6 Kg7 37. Ka2 Rc3 38. Qd5 Rfc7 $17) 36. Qd5 Ra3 37.
Kc1 g6 38. c4 {Es obligado pero no suficiente.} (38. c3 Bxc3 39. Qc4 Kg7 $17)
38... Kg7 39. c5 Re7 40. Kd2 (40. Kd1 Ra4 41. Qb3 (41. c6 Rxb4 42. Qc5 Rd4+ 43.
Kc2 Re2+ $19) 41... Ra1+ 42. Kc2 Re2+ $19) 40... Bc3+ 41. Kd3 Bxb4+ 42. Kc4 Bc3
43. c6 Bf6 $1 44. Kb4 Ra1 {Las piezas negras están dando cuenta fácilmente con
los restos de la infantería blanca.} 45. Qd6 Rb1+ 46. Kc4 g5 47. g3 Re3 48.
Qd7+ Kg6 49. Qd2 Rc3+ 50. Kd5 Rb5+ 51. Kd6 Rbc5 52. Qa2 Rxc6+ 53. Kd7 Rc7+ 54.
Kd6 R3c6+ 55. Kd5 Rc2 56. Qb1 Kf5 57. g4+ Kg6 58. Kd6 Kg7 59. Qb5 Be7+ 60. Ke6
R2c6+ 0-1

[Event "Ch Europe"]
[Site "Warsaw (Poland)"]
[Date "2005.??.??"]
[Round "11"]
[White "Carlsen, Magnus"]
[Black "Korneev, Oleg"]
[Result "0-1"]
[WhiteElo "2279"]
[BlackElo "2613"]
[Annotator "Korneev, O"]
[PlyCount "68"]
[EventDate "2005.??.??"]
[Source "EDAMI"]
[SourceDate "2006.12.20"]

1. e4 c5 2. Nf3 e6 3. d4 cxd4 4. Nxd4 Nc6 5. Nc3 a6 {Una variante de moda.
Jugando asi, las negras intentan entrar en la variante Paulsen, evitando la
moderna  continuación} (5... Qc7 6. Be3 a6 7. Qd2 Nf6 8. O-O-O) 6. Be3 ({
En la línea principal} 6. Nxc6 bxc6 7. Bd3 d5 8. O-O Nf6 9. Re1 {las negras,
al dia de hoy, se sienten cómodas. Por ejemplo, la partida Polgar - Anand,
Sofia 2005 continuó} Be7 (9... Bb7 {
la prefiere un gran experto de esta línea, el GM Rublevsky}) 10. e5 Nd7 11. Qg4
g6 12. Bh6 Rb8 13. Qh3 Rb4 14. Bg7 Rg8 {
(la novedad de Anand, preparada probablemente en casa)} (14... Rh4 15. Qg3) 15.
Qxh7 Rxg7 16. Qxg7 Bf8 17. Qg8 Qg5 18. g3 Nxe5 19. f4 Nf3+ 20. Kf2 Qh5 21. Bxg6
fxg6 22. Rxe6+ Bxe6 23. Qxe6+ Be7 24. Qxc6+ {
con tremendas complicaciones y tablas como  resultado final}) 6... Nf6 7. g4 $5
{La continuación más agresiva, aunque muy pocas veces utilizada. Esta y la
siguiente jugada, mi rival las realizó muy rápido. Probablemente lo había
preparado tras su reciente encuentro con Anand en León.} ({que siguió} 7. Qd2
Bb4 8. f3 d5 9. a3 Qa5 10. Nb3 Bxc3 11. bxc3 Qc7 12. Bf4 e5 13. exd5 exf4 14.
dxc6 O-O 15. O-O-O Qxc6 {y las negras están bien}) ({Las alternativas son} 7.
Bd3 Qc7 {
pasando a una línea de la Paulsen que esta bien valorada para las negras,}) (7.
Be2 Bb4) (7. Nxc6 bxc6 8. e5 Nd5 9. Nxd5 cxd5 10. Bd3 d6 {
y las negras están bien}) 7... h6 {Decidí jugar de modo sólido, optando por
esta jugada modesta para evitar los análisis caseros de mi contricante.} ({
La reacción más normal parece} 7... Bb4 8. Bg2 (8. f3) 8... d5 9. exd5 Nxd5 ({
o bien} 9... exd5 10. g5 Ng4) 10. Nxc6 (10. O-O Nxe3 11. fxe3 Bd7) 10... bxc6
11. O-O O-O {pero seguramente eso era lo que mejor había preparado mi rival, 
y yo no tenía ganas de comprobar la calidad de sus  análisis.}) (7... d5 {
es también interesante, mientras que tras}) (7... d6 $6 8. g5 Nd7 9. h4 {
las blancas tienen la iniciativa.}) 8. Bg2 {Jugado muy rápido.} d5 {Tras esta r
espuesta, las blancas también empezaron a consumir tiempo y yo comprendí que
su análisis se había  terminado} ({Hay otras posibilidades, como} 8... d6) (
8... Ne5) (8... Qc7) 9. O-O (9. exd5 exd5) 9... Bb4 ({Sería flojo} 9... Be7 $6
{porque tras} 10. exd5 exd5 11. Nf5 {se pierde el peón d5}) 10. exd5 exd5 11.
h3 ({Ahora es dudoso} 11. Nf5 $6 Bxf5 12. gxf5 Bxc3 13. bxc3 O-O) 11... O-O 12.
Nce2 (12. Nxc6 bxc6 13. Ne2 Bd6 14. c4 (14. Nd4 c5)) 12... Re8 $6 {La posición
se ha definido. Las negras tienen un peón aislado, pero con sus piezas activas
y la posicion algo abierta del rey blanco, se sienten cómodas. Sin embargo, su
última jugada es imprecisa y les lleva a problemas.} (12... Ne5 $5 {era interes
ante, evitando la transformación de la estructura de peones que ahora sucede.})
13. Nxc6 $1 {Una buena decisión. Las bancas tienen demasiadas piezas que
desean ocupar d4. Así cambian una y siguen con el bloqueo.} bxc6 14. c4 a5 {
Evitando a3 seguido de b4, consiguiendo además la casilla a6 para las torre o
el alfil} 15. Nd4 Ra6 $6 {Artifical y dudoso. En la partida ha funcionado muy
bien,  pero fue gracias al error de las blancas. Objetivamente las negras
tienen problemas también tras las jugadas más naturales como} (15... Qb6 16.
Rc1 $1 (16. Nf5 Bc5) (16. Nc2 Bc5) (16. cxd5 Nxd5) 16... Ba6 (16... Bc5) 17.
Nf5) (15... Bb7 16. Rc1 Qd7 (16... c5 $2 17. Nf5) 17. cxd5 cxd5) (15... Bd7 16.
Rc1) 16. Qd3 $1 {Las blancas pretenden sacar el máximo de su posición. Había
una alternativa tranquila, pero quizá menos prometedora} (16. cxd5 Nxd5 (16...
cxd5 17. Rc1 Bb7 (17... Bd7 18. Qd3) 18. Qc2 Bd6 19. Nf5 Bb8 20. Qa4 Rae6 21.
Rfd1 Ne4 22. Bd4 {presionando}) 17. Nxc6 Rxc6 18. Qxd5 Rd6 19. Qf3 (19. Qb3 h5
20. g5 (20. gxh5 Qh4) 20... Bf5 21. Rfd1 Bd2 22. Bxd2 Rxd2 23. Rxd2 Qxd2 {
con compensación}) 19... Bd2 (19... Ba6 20. Rfd1 Bd2 21. Rxd2 Rxd2 22. Bxd2
Qxd2 23. Qc3) (19... Rf6 20. Qd1) 20. Bxd2 (20. Bc5 Rd3) 20... Rxd2 21. Rfd1 {
y a pesar de que las negras tienen alguna compensación, las posibilidades
blancas me parecen superiores.}) 16... c5 $6 {Una jugada al azar, sin ningún
cálculo profundo. Probablemente, al final del torneo, el cansancio y los
nervios pasaron factura. Con las mismas razones se puede explicar el error de
las blancas en la jugada próxima.} (16... Bb7 {es mejor}) 17. Nf5 $2 {
La peor retirada posible del caballo.} ({A una posición complicada llevaba} 17.
Nc2 $6 Rd6 (17... d4 $6 18. Bf4) 18. Bf4 (18. Nxb4 dxc4 19. Qxc4 cxb4) 18...
Rd7 19. a3 Ba6 (19... dxc4 20. Qxc4 Bd2 21. Bc6) 20. Qg3 (20. axb4 Bxc4 21. Qd2
Bxf1 22. Bxf1 Ne4) 20... Re2 21. axb4 (21. Nxb4 axb4 22. axb4 Bxc4 23. b3 Bb5
24. bxc5 Ne4 25. Bxe4 dxe4 26. Bd6) 21... Rxc2 22. Rxa5 Bb7 (22... Bxc4 $6 23.
Rfa1) 23. Rxc5 dxc4 {con una posición incierta.}) ({Pero tras la correcta} 17.
Nb5 $1 {la posición negra es crítica:} d4 (17... Rb6 18. a3 Bd7 19. b3 dxc4 20.
bxc4 Bxb5 21. Qxd8 Rxd8 22. cxb5 Bc3 23. Rab1 Bd4 24. Bd2) (17... a4 18. cxd5)
(17... dxc4 18. Qxd8 Rxd8 19. a3 Bd7 20. Rfd1) 18. Bf4 a4 19. Nc7 {
ganando calidad}) 17... d4 {Ahora la partida da un giro de 180 grados.} 18. Bf4
(18. Bxh6 gxh6 19. a3 Bxf5 20. gxf5 (20. Qxf5 Bd2) 20... Rb6 21. axb4 Rxb4 {
con clara ventaja}) 18... a4 19. Bf3 (19. a3 Ba5 {de modo similar a la partida}
) 19... a3 20. b3 Bxf5 21. Qxf5 $6 ({Más resistiente sería} 21. gxf5 {
impidiendo Rae6, aunque las negras están mejor, por ejemplo tras} Nd7 $5) 21...
Rae6 {Dominación. Yo vi} (21... Nxg4 22. Bxg4 Rf6 23. Bg5 hxg5 24. Qxg5 Rxf2
25. Qxd8 Rxf1+ {pero las blancas tienen chances a salvar medio punto}) 22. Rad1
Ne4 23. Bxe4 Rxe4 24. Bd2 g6 {
A los problemas de las blancas se añade la posición abierta del rey} 25. Qf3
Bxd2 26. Rxd2 h5 {!} 27. Qg3 hxg4 28. hxg4 Qg5 {
Las negras rematan enérgicamente} 29. f4 Re3 30. Qh2 {
Buscando posibilidades prácticas, pero las negras aplastan} ({
Tampoco ofrecen esperanzan otras respuestas} 30. Rf3 Rxf3 31. Qxf3 Re1+ 32. Kg2
Qh4) (30. Qg2 Qh4) (30. fxg5 Rxg3+ 31. Rg2 Rxg2+ 32. Kxg2 Re2+ (32... Re5))
30... Qxg4+ 31. Rg2 Qf5 32. Rg5 Qd3 33. Qh4 Rh3 34. Qg4 Rh1+ {Z0} (34... Rh1+
35. Kxh1 Qxf1+ 36. Qg1 Qh3+ 37. Qh2 Re1+) 0-1